Les 10 pays ayant le plus d'îles au monde - Statistiques

Statistiques générales
  • Ce quiz a été pris 637 fois
    419 depuis la dernière actualisation
  • Le résultat moyen est 7 sur 10
Statistiques - réponses
# Nombre d'îles Pays % Correct
5 17 508 Indonésie
90%
8 6 853 Japon
85%
3 52 455 Canada
80%
4 50 000 Norvège
77%
1 221 831 Suède
72%
2 179 584 Finlande
69%
6 8 222 Australie
67%
7 7 107 Les Philippines
53%
9 6 289 Royaume-Uni
53%
10 6 000 Grèce
47%
Aucun quiz correspondant
Distribution des résultats
% des personnes avec chaque résultat
Percentile par nombre de réponses
Votre historique - résultats
Vous n’avez pas pris ce quiz depuis la dernière actualisation